| 000 | 00598nam a2200241Ia 4500 | ||
|---|---|---|---|
| 001 | Z_3816 | ||
| 003 | CHAP | ||
| 008 | 220113s1957 xx 000 0 und d | ||
| 010 | _a166877 | ||
| 040 | _cCHAP | ||
| 090 | _aR-93 | ||
| 100 |
_aHernández X , Efraím _9141021 |
||
| 245 |
_aLas zonas agropecuarias de México / _cpor Efraím Hernández X |
||
| 260 |
_aChapingo, Méx. : _bLa UACH, _c1957 |
||
| 300 | _a7 h. | ||
| 650 |
_aRegiones agropecuarias _xMéxico _9141022 |
||
| 901 | _aR-93 | ||
| 902 | _aM | ||
| 910 | _a1957 | ||
| 942 | _cc14 | ||
| 942 | _cc14 | ||
| 999 |
_c166877 _d166877 |
||